000 00392nam a2200145Ia 4500
008 100122s9999 xx 000 0 und d
082 _b19743
_a827
100 _aहुमणे राजाराम
245 _aछबिना
260 _bपरचुरे प्रक ाशन
_c1973
300 _a111
630 _aछबिना
730 _aछबिना
942 _cBOOK
999 _c408695
_d408692